[Event "Krefeld Christmas op"]
[Site "Krefeld"]
[Date "2024.12.30"]
[Round "7"]
[White "Phylactou, Michalis"]
[Black "Kovar, Matej1"]
[Result "0-1"]
[WhiteElo "1625"]
[BlackElo "1747"]
[PlyCount "138"]
[EventDate "2024.12.27"]
[EventType "swiss"]
[EventRounds "7"]
[EventCountry "GER"]
[SourceTitle "CB01_2025"]
[SourceDate "2025.01.01"]
[SourceVersion "1"]
[SourceVersionDate "2025.01.01"]
[SourceQuality "1"]

1. d4 g6 2. c4 Bg7 3. Nf3 d6 4. e4 e5 5. d5 f5 6. Nc3 Nf6 7. Bg5 h6 8. Bxf6 Qxf6 9. Be2 a5 10. 0-0 Na6 11. exf5 gxf5 12. Re1 Nc5 13. Nd2 0-0 14. Nb3 Ne4 15. Nxe4 fxe4 16. Rf1 Qg5 17. g3 Bh3 18. Re1 Qf6 19. Bf1 Qxf2+ 20. Kh1 Bxf1 21. Rxf1 Qxb2 22. Qg4 Rf2 23. Rxf2 Qxf2 24. Qxe4 Rf8 25. Nxa5 b6 26. Nc6 Qf3+ 27. Qxf3 Rxf3 28. Re1 Ra3 29. Re4 Rxa2 30. Nd8 Ra8 31. Ne6 Kf7 32. Nxc7 Rc8 33. Ne6 Bf6 34. Kg2 Kg6 35. Kf3 h5 36. g4 Ra8 37. gxh5+ Kxh5 38. Nc7 Ra3+ 39. Re3 Ra4 40. Re4 Bg5 41. Nb5 Be7 42. h3 Ra8 43. Nc7 Rf8+ 44. Kg2 Rg8+ 45. Kf3 Bh4 46. Ne6 Rg3+ 47. Ke2 Rxh3 48. Ng7+ Kg5 49. Ne6+ Kf5 50. Re3 Rxe3+ 51. Kxe3 Bg5+ 52. Ke2 Bc1 53. Nc7 Ba3 54. Nb5 Bc5 55. Nc3 e4 56. Nb5 Ke5 57. Kd2 Kf4 58. Ke2 Ke5 59. Kd2 e3+ 60. Ke2 Ke4 61. Nc3+ Kd4 62. Nd1 Kxc4 63. Nc3 Kxc3 64. Ke1 Kc2 65. Ke2 b5 66. Ke1 b4 67. Ke2 b3 68. Ke1 b2 69. Ke2 b1Q 0-1

[Event "Krefeld Christmas op"]
[Site "Krefeld"]
[Date "2024.12.29"]
[Round "4"]
[White "Phylactou, Michalis"]
[Black "Biessner, Eberhard"]
[Result "0-1"]
[WhiteElo "1625"]
[BlackElo "1777"]
[PlyCount "104"]
[EventDate "2024.12.27"]
[EventType "swiss"]
[EventRounds "7"]
[EventCountry "GER"]
[SourceTitle "CB01_2025"]
[SourceDate "2025.01.01"]
[SourceVersion "1"]
[SourceVersionDate "2025.01.01"]
[SourceQuality "1"]

1. d4 Nf6 2. c4 e6 3. Nc3 Bb4 4. Bd2 Bxc3 5. Bxc3 Ne4 6. Qc2 f5 7. e3 b6 8. Nf3 Bb7 9. Be2 0-0 10. Nd2 Nxc3 11. Qxc3 Bxg2 12. Rg1 Bb7 13. 0-0-0 Qf6 14. Rg3 c5 15. Rdg1 Rf7 16. Nf3 Bxf3 17. Bxf3 Nc6 18. Bxc6 dxc6 19. Rd1 cxd4 20. exd4 Rd8 21. Qd2 Rfd7 22. Rd3 c5 23. d5 e5 24. Rg1 e4 25. Rdg3 Re8 26. Qf4 g6 27. Qh6 Qg7 28. Rxg6 hxg6 29. Rxg6 Rf8 30. Rxg7+ Rxg7 31. Qe6+ Rgf7 32. h4 Kg7 33. h5 Rf6 34. Qe5 R8f7 35. a3 Kh6 36. Qh2 f4 37. Qh3 Re7 38. Qc3 Kg5 39. Qh3 e3 40. Qg2+ Kxh5 41. Qh3+ Kg5 42. Qg2+ Kf5 43. Qh3+ Ke4 44. f3+ Kd4 45. Kd1 e2+ 46. Ke1 Rg6 47. Qh2 Kd3 48. b3 Kc3 49. Qh8+ Kd3 50. Qh2 Rg3 51. d6 Rxf3 52. dxe7 Rf1# 0-1